Christian Theological Approach to Hinduism (Record no. 6773)

MARC details
000 -LEADER
fixed length control field 00528nam a2200217 a 4500
020 ## - INTERNATIONAL STANDARD BOOK NUMBER
ISBN
082 00 - DEWEY DECIMAL CLASSIFICATION NUMBER
Classification number 291
Author Cutter APP1
100 ## - MAIN ENTRY--AUTHOR NAME
Author name Appasamy, A J
245 ## - TITLE STATEMENT
Title Christian Theological Approach to Hinduism
260 ## - PUBLICATION, DISTRIBUTION, ETC. (IMPRINT)
Place of publication Madras
Name of publisher Christian Literature Society
Year of publication 1956
300 ## - PHYSICAL DESCRIPTION
Number of Pages 74p
500 ## - GENERAL NOTE
General note includes index and biblioraphy
505 2# - FORMATTED CONTENTS NOTE
Formatted contents note index
942 ## - ADDED ENTRY ELEMENTS (KOHA)
Koha item type Books
Holdings
Collection code Home library Current library Date acquired Cost, normal purchase price Full call number Accession Number Koha item type
  Henry Martyn Institute Library Henry Martyn Institute Library 05/24/2005 0.00 291 APP1 013297 Books
                   Copyright © 2026 | Henry Martyn Institute | Hyderabad | TS-500052 | INDIA | Implemented by hmi.edu.in
Hit-Count:

Powered by Koha